|
|
|
|
| LEADER |
00000nab a2200000 a 4500 |
| 001 |
vtls000795256 |
| 003 |
SK-MaSNL |
| 005 |
20260303205434.0 |
| 008 |
140301c2002 xo 0 slo |
| 015 |
|
|
|a SNBRB2002/05-17211
|
| 035 |
|
|
|a CLN000146911
|
| 040 |
|
|
|a SNKBUCL
|b slo
|c SNKBUCL
|e AACR2
|
| 041 |
0 |
|
|a slo
|
| 044 |
|
|
|a xo
|c SK
|
| 080 |
|
|
|a 334.788.2(437.6)
|2 1997
|
| 100 |
1 |
|
|a Pinter, Gejza
|4 ain
|9 846999
|
| 245 |
1 |
0 |
|a Treba sa kvalitne pripraviť na súťaž v rámci únie
|b Slovenská obchodná a priemyselná komora ...
|c Peter Mihók, Gejza Pinter
|
| 300 |
|
|
|b Fotogr.
|
| 610 |
|
7 |
|a Slovenská obchodná a priemyselná komora
|2 snkbucl
|9 17746
|
| 655 |
|
7 |
|a články z novín a časopisov
|2 snkbucl
|9 267496
|
| 700 |
1 |
|
|a Mihók, Peter
|4 aut
|9 310800
|
| 773 |
0 |
|
|t Hospodárske noviny
|g Roč. 10, č. 78 (23.4.2002)
|x 1335-4701
|
| 773 |
0 |
|
|t [Príl.] Fórum SOPK
|g Č. 4 (2002), s. 19
|x 1335-4701
|
| 850 |
|
|
|a Slovenská národná knižnica v Martine
|
| 852 |
|
|
|a SNK
|b KIS3GCP
|
| 958 |
|
|
|a SK
|
| 992 |
|
|
|a RBX
|
| 999 |
|
|
|c 2195358
|d 2197288
|